Transportation infrastructure engineering : (Record no. 11392)
[ view plain ]
| 000 -LEADER | |
|---|---|
| fixed length control field | 00872nam a22002535a 4500 |
| 001 - CONTROL NUMBER | |
| control field | 14557327 |
| 005 - DATE AND TIME OF LATEST TRANSACTION | |
| control field | 20060919084520.0 |
| 008 - FIXED-LENGTH DATA ELEMENTS--GENERAL INFORMATION | |
| fixed length control field | 060919s2006 ohu 000 0 eng |
| 010 ## - LIBRARY OF CONGRESS CONTROL NUMBER | |
| LC control number | 2006934928 |
| 020 ## - INTERNATIONAL STANDARD BOOK NUMBER | |
| International Standard Book Number | 0495244392 |
| 040 ## - CATALOGING SOURCE | |
| Original cataloging agency | DLC |
| Transcribing agency | DLC |
| 082 ## - DEWEY DECIMAL CLASSIFICATION NUMBER | |
| Edition number | 22 |
| Classification number | 629.04 |
| Item number | HOE |
| 100 1# - MAIN ENTRY--PERSONAL NAME | |
| Personal name | Hoel, Lester. |
| 9 (RLIN) | 4098 |
| 245 10 - TITLE STATEMENT | |
| Title | Transportation infrastructure engineering : |
| Remainder of title | a multimodal integration / |
| Statement of responsibility, etc | Lester Hoel, Nicolas Garber, Adel Sadek. |
| 250 ## - EDITION STATEMENT | |
| Edition statement | International student ed. |
| 260 ## - PUBLICATION, DISTRIBUTION, ETC. (IMPRINT) | |
| Place of publication, distribution, etc | Mason, OH : |
| Name of publisher, distributor, etc | Thomson, |
| Date of publication, distribution, etc | 2006. |
| 263 ## - PROJECTED PUBLICATION DATE | |
| Projected publication date | 0611 |
| 300 ## - PHYSICAL DESCRIPTION | |
| Extent | 674p.: |
| Other physical details | ill.; |
| Dimensions | 23 cm. |
| 500 ## - GENERAL NOTE | |
| General note | Includes index |
| 650 ## - SUBJECT ADDED ENTRY--TOPICAL TERM | |
| 9 (RLIN) | 4097 |
| Topical term or geographic name as entry element | Transportation engineering |
| 942 ## - ADDED ENTRY ELEMENTS (KOHA) | |
| Source of classification or shelving scheme | Dewey Decimal Classification |
| Item type | Book - Borrowing |
| Withdrawn status | Item status | Source of classification or shelving scheme | Damaged status | Not for loan | Vendor | Home library | Current library | Shelving location | Date acquired | Source of acquisition | Cost, normal purchase price | Serial Enumeration / chronology | Total Checkouts | Full call number | Barcode | Date last seen | Koha item type |
|---|---|---|---|---|---|---|---|---|---|---|---|---|---|---|---|---|---|
| Dewey Decimal Classification | Alahram | Central Library | Central Library | First floor | 23/04/2009 | 371.00 | 371 | 629.04 HOE | 000016026 | 15/07/2025 | Book - Borrowing |